Cross-pavement solutions for charging electric vehicles (Record no. 122084)
[ view plain ]
| 000 -LEADER | |
|---|---|
| fixed length control field | 01167naa a22001935a 4500 |
| 008 - FIXED-LENGTH DATA ELEMENTS--GENERAL INFORMATION | |
| fixed length control field | 241224e20241224xxk fo 000 0 eng d |
| 041 0# - LANGUAGE CODE | |
| Language code of text/sound track or separate title | eng |
| 110 ## - MAIN ENTRY--CORPORATE NAME | |
| Corporate name or jurisdiction name as entry element | Department for Transport |
| Subordinate unit | Department for Transport |
| 9 (RLIN) | 4683 |
| 245 00 - TITLE STATEMENT | |
| Title | Cross-pavement solutions for charging electric vehicles |
| 260 ## - PUBLICATION, DISTRIBUTION, ETC. | |
| Name of publisher, distributor, etc. | Department for Transport - Office for Zero Emissions, |
| Date of publication, distribution, etc. | 24 December 2024 |
| 520 ## - SUMMARY, ETC. | |
| Summary, etc. | This guidance is designed to help local authorities in England to develop policies about the safe and effective use of cross-pavement solutions, which can provide residents with convenient charging options.<br/><br/>It provides information on the areas, regulations and processes to consider when forming policy. The guidance includes case studies of local authorities that have successfully trialled installation |
| 650 ## - SUBJECT ADDED ENTRY--TOPICAL TERM | |
| Topical term or geographic name entry element | ELECTRIC VEHICLES |
| 650 ## - SUBJECT ADDED ENTRY--TOPICAL TERM | |
| Topical term or geographic name entry element | PLANNING |
| 650 ## - SUBJECT ADDED ENTRY--TOPICAL TERM | |
| Topical term or geographic name entry element | VEHICLE CHARGING |
| 651 #4 - SUBJECT ADDED ENTRY--GEOGRAPHIC NAME | |
| Geographic name | England |
| 690 ## - LOCAL SUBJECT ADDED ENTRY--TOPICAL TERM (OCLC, RLIN) | |
| Topical term or geographic name as entry element | Planning and development |
| 9 (RLIN) | 6259 |
| 856 40 - ELECTRONIC LOCATION AND ACCESS | |
| Uniform Resource Identifier | <a href="https://www.gov.uk/government/publications/cross-pavement-solutions-for-charging-electric-vehicles/cross-pavement-solutions-for-charging-electric-vehicles">https://www.gov.uk/government/publications/cross-pavement-solutions-for-charging-electric-vehicles/cross-pavement-solutions-for-charging-electric-vehicles</a> |
| Public note | Available on .gov.uk |
| 942 ## - ADDED ENTRY ELEMENTS (KOHA) | |
| Suppress in OPAC | 0 |
| Source of classification or shelving scheme | Dewey Decimal Classification |
| Withdrawn status | Lost status | Damaged status | Not for loan | Home library | Current library | Shelving location | Date acquired | Total Checkouts | Date last seen | Price effective from | Koha item type |
|---|---|---|---|---|---|---|---|---|---|---|---|
| Virtual | Virtual | Online | 24/12/2024 | 24/12/2024 | 24/12/2024 | Online material |